| 000 | 00438nam a2200181Ia 4500 | ||
|---|---|---|---|
| 001 | 1171 | ||
| 008 | 140313s9999 xx 000 0 und d | ||
| 020 | _a53403030 | ||
| 040 | _cPK-LaUMT | ||
| 082 |
_a 512.9 _bSEL-B |
||
| 100 | _aGene Sellers | ||
| 245 |
_aBeginning algebra _cGene Sellers |
||
| 260 |
_aCalifornia, USA: _bBrooks/Cole Publishing Company, _c1984. |
||
| 300 | _a370 p. | ||
| 546 | _aEN | ||
| 650 | _aAlgebra | ||
| 942 | _cBK | ||
| 999 |
_c1480 _d1480 |
||